| 000 | 00377nam a2200157Ia 4500 | ||
|---|---|---|---|
| 008 | 160316s1900 xxu||||| |||| 00| 0 eng d | ||
| 082 |
_a348.020000 _bLBS-VIII |
||
| 100 | _a | ||
| 245 | _aLaw bulletin series.Vol.VIII : (A-H) | ||
| 250 | _a | ||
| 260 |
_aTokyo _bEibun-Horeisha Inc _c1900 |
||
| 300 |
_a _b _c |
||
| 365 | _b | ||
| 650 | _a1.Law Bulletin - Japan | ||
| 700 |
_a _a |
||
| 999 |
_c5779 _d5779 |
||